WinQSB Version 2.0
Saved in:
| Main Authors: | , |
|---|---|
| Format: | Bog |
| Sprog: | engelsk |
| Udgivet: |
Hoboken
John Wiley and Sons
2003
|
| Fag: | |
| Tags: |
Tilføj Tag
Ingen Tags, Vær først til at tagge denne postø!
|
MARC
| LEADER | 00000nam a2200000 a 4500 | ||
|---|---|---|---|
| 001 | UCJ2028 | ||
| 003 | CL-VaPUC | ||
| 008 | 061124e20030000us |||||||||||||||||eng|d | ||
| 020 | |a 0471406724 | ||
| 082 | 0 | 4 | |a 005.369 |b DES |2 21 |
| 100 | 0 | |a Desai, Kiran |e author |9 502905 | |
| 700 | 0 | |a Chang, Yih-Long |e author |9 502906 | |
| 245 | 1 | 0 | |a WinQSB Version 2.0 |
| 300 | |a 230 p | ||
| 942 | |c BK | ||
| 945 | |d 20061124 00:00:00 |a cmena | ||
| 260 | |a Hoboken |b John Wiley and Sons |c 2003 | ||
| 650 | 0 | |a Programación lineal |9 23 | |
| 650 | 0 | |a Modelos matemáticos |9 259437 | |
| 650 | 0 | |a Teoría de sistemas |9 260742 | |
| 650 | 0 | |a Programación de computadores |9 259531 | |
| 650 | 0 | |a Estadística matemática |9 260028 | |
| 650 | 0 | |a WinQSB |9 502907 | |
| 583 | |a last modification |c 20171116 02:15:30 |k Rodrigo Vera | ||
| 999 | |c 318445 |d 318443 | ||
| 952 | |0 0 |1 0 |4 0 |6 005_369000000000000_DES_2003 |7 0 |8 A |9 396236 |a BIBING |b BIBING |d 2019-11-22 |i 4301595 |o 005.369 DES 2003 |p 4301595 |r 2025-01-20 |w 2019-11-22 |y BK |k TRA | ||